| 000 | 00558nam a22001457a 4500 | ||
|---|---|---|---|
| 005 | 20241212091847.0 | ||
| 008 | 240923b ||||| |||| 00| 0 eng d | ||
| 082 | _2DPer050 M72 January-March 2018 v. 66 no. 8-10 | ||
| 100 |
_aTambogon, Ricardo S. _eauthor. _961392 |
||
| 245 |
_aLearner's wishes, how can you make them come true? / _cRicardo S. Tambogon. |
||
| 260 |
_aPhilippines; _bPublishers Association of the Philippines, Inc., _cJune 2018. |
||
| 300 | _aVolume 66, pages 12-13. | ||
| 700 |
_aTambogon, Ricardo S. _eauthor. _961392 |
||
| 942 |
_2ddc _cPER |
||
| 999 |
_c21773 _d21773 |
||